[Event "ACT Open"]
[Site "Amsterdam NED"]
[Date "2005.07.20"]
[Round "5"]
[White "Vazquez,R"]
[Black "Akopian,Vl"]
[Result "1/2-1/2"]
[WhiteElo "2496"]
[BlackElo "2705"]

1.e4 c5 2.Nf3 d6 3.Bb5+ Bd7 4.Bxd7+ Qxd7 5.O-O Nc6 6.c3 Nf6 7.Re1 e6 8.d3 Be7
9.Bg5 O-O 10.Nbd2 Rac8 11.a4 h6 12.Bh4 Nh5 13.Bxe7 Qxe7 14.g3 Nf6 15.a5 d5
16.exd5 Nxd5 17.Nc4 Rfd8 18.Qe2 Qc7 19.Nfe5 Nxe5 20.Nxe5 Ne7 21.Qf3 Nc6 22.Nxc6 Qxc6
23.Qxc6 Rxc6 24.Rad1 Rd5 25.c4 Rd7 26.Kf1 Ra6 27.b4 cxb4 28.Re5 b6 29.axb6 Rxb6
30.Ke2 Ra6 31.Rb5 Ra4 32.Rb8+ Kh7 33.c5 Kg6 34.Rc1 Ra2+ 35.Ke1 Rxd3 36.c6 Rc3
37.Rxc3 bxc3 38.Kd1 c2+ 39.Kc1 Ra1+ 40.Kxc2 Ra6 41.Rc8 Kf6 42.Kd3 Ke5 43.Rc7 f5
44.Rxg7 Rxc6 45.Rxa7 Kf6  1/2-1/2

[Event "WYb16"]
[Site "Belfort FRA"]
[Date "2005.07.20"]
[Round "2"]
[White "Enkin,M"]
[Black "Trofimov,SP"]
[Result "1/2-1/2"]
[WhiteElo "2211"]
[BlackElo "2411"]

1.e4 c5 2.Nf3 d6 3.Bb5+ Bd7 4.Bxd7+ Qxd7 5.c4 Nc6 6.d4 cxd4 7.Nxd4 Nf6 8.Nc3 g6
9.Nde2 Bg7 10.f3 O-O 11.O-O Rfc8 12.b3 Qd8 13.Kh1 a6 14.a4 Nd7 15.Bg5 Nc5
16.Rb1 h6 17.Bh4 Nb4 18.Qd2 Qc7 19.Rfd1 b6 20.h3 Qb7 21.Bg3 Nd7 22.Nf4 Be5
23.Nce2 Nc6 24.Nd5 Bxg3 25.Nxg3 Kh7 26.Ne3 Nf6 27.Nd5 Nd7 28.Ne3 Nf6 29.Nd5 Nd7  1/2-1/2

[Event "WYb18"]
[Site "Belfort FRA"]
[Date "2005.07.20"]
[Round "2"]
[White "Meier,Geo"]
[Black "Suttor,V"]
[Result "1-0"]
[WhiteElo "2437"]
[BlackElo "2071"]

1.e4 c5 2.Nf3 d6 3.Bb5+ Bd7 4.Bxd7+ Qxd7 5.c4 Nc6 6.d4 cxd4 7.Nxd4 g6 8.Nc3 Bg7
9.Nde2 Nf6 10.f3 O-O 11.O-O a6 12.a4 e6 13.Bg5 Qc7 14.Kh1 Nd7 15.b3 Nc5 16.Rb1 Rfe8
17.Qc2 Nb4 18.Qd2 Ncd3 19.Na2 Qb6 20.Be3 Qa5 21.Nxb4 Nxb4 22.Qxd6 Rad8 23.Qc5 Qxc5
24.Bxc5 Nd3 25.Bb6 Rd6 26.Rfd1 Re7 27.Bc5  1-0

[Event "ACT Open"]
[Site "Amsterdam NED"]
[Date "2005.07.21"]
[Round "6"]
[White "Odink,K"]
[Black "Bitalzadeh,A"]
[Result "0-1"]
[WhiteElo "2198"]
[BlackElo "2317"]

1.e4 c5 2.Nf3 d6 3.Bb5+ Bd7 4.Bxd7+ Qxd7 5.O-O Nc6 6.c3 Nf6 7.Qe2 e6 8.d4 cxd4
9.cxd4 d5 10.e5 Ne4 11.Be3 f6 12.exf6 gxf6 13.Nh4 O-O-O 14.Rd1 Rg8 15.f3 Nd6
16.Nc3 Re8 17.Qf2 Nc4 18.Bf4 Bb4 19.Rac1 b6 20.b3 Nd6 21.Bxd6 Bxd6 22.Nb5 Bb8
23.Rc2 Kb7 24.Rdc1 Rc8 25.Qd2 a6 26.Nc3 Qd6 27.g3 Qf4 28.Kh1 Qxd4 29.Qh6 Rc7
30.Ne2 Qe5 31.Nf4 Rgc8 32.h3 Qg5 33.Qh5 Qxg3 34.Rg2 Qxf4  0-1

[Event "WYb16"]
[Site "Belfort FRA"]
[Date "2005.07.22"]
[Round "4"]
[White "Toufighi,H"]
[Black "Szabo,Kr"]
[Result "1/2-1/2"]
[WhiteElo "2170"]
[BlackElo "2422"]

1.e4 c5 2.Nf3 d6 3.Bb5+ Bd7 4.Bxd7+ Nxd7 5.O-O Ngf6 6.Re1 e6 7.c3 Be7 8.d4 cxd4
9.cxd4 d5 10.e5 Ne4 11.Qd3 O-O 12.Nbd2 Nxd2 13.Bxd2 Nb8 14.Re3 Nc6 15.Ne1 f5
16.exf6 Bxf6 17.Bc3 Qd6 18.Nf3 Rae8 19.Rae1 Rf7 20.h4 Rfe7 21.g3 a6 22.a3 b5
23.Qd1 a5 24.Qd3 Rb7 25.Bd2 b4 26.R3e2 bxa3 27.bxa3 a4 28.Qa6 Ra7 29.Qd3 Rb7
30.Qa6 Ra7 31.Qd3 Qd7 32.Rb1 Rb7 33.Rxb7 Qxb7 34.Bg5 Qb3 35.Re3 Qxd3 36.Rxd3 Rb8
37.Bxf6 Rb1+ 38.Kg2 gxf6 39.Rc3 Rb6 40.g4 Kf7 41.g5 Ne7 42.Rc7 fxg5 43.Nxg5+ Ke8
44.Ra7 h6 45.Nf3 Nf5 46.Rxa4 Rb2 47.Ra8+ Ke7 48.a4 Rb4 49.a5 Kd6 50.a6 Ra4
51.a7 Kc7 52.Re8 Rxa7 53.Rxe6 Ra8 54.Rf6 Rg8+ 55.Kh3 Nd6 56.Ne5 Nb5 57.Rc6+ Kb7
58.Rc5 Nxd4 59.Rxd5 Ne2 60.Rd7+ Kc8 61.Rf7 h5 62.Kh2 Re8 63.Ng6 Re6 64.Nf4 Nxf4
65.Rxf4 Kd7 66.Rf5 Rh6 67.Re5 Kd6 68.f4 Rg6 69.Rg5 Rh6 70.Kg3 Ke6 71.Ra5 Rh8
72.f5+ Kf6 73.Kf4 Rg8 74.Ra6+ Kf7 75.Ke5 Rg4 76.Ra7+ Kg8 77.Kf6 Rxh4 78.Ra8+ Kh7
79.Kf7 Rb4 80.f6 Rb7+  1/2-1/2

[Event "Open A"]
[Site "Pardubice CZE"]
[Date "2005.07.22"]
[Round "1"]
[White "Korinek,O"]
[Black "Karavade,E"]
[Result "1/2-1/2"]
[WhiteElo "2195"]
[BlackElo "2370"]

1.e4 c5 2.Nf3 d6 3.Bb5+ Nd7 4.O-O Nf6 5.Re1 a6 6.Bf1 e5 7.c3 Be7 8.d4 O-O
9.Nbd2 Qc7 10.dxe5 Nxe5 11.Nxe5 dxe5 12.a4 b6 13.Nc4 Be6 14.Bg5 Rfd8 15.Qc2 Rab8
16.Rad1 b5 17.axb5 axb5 18.Ne3 c4 19.Be2 Ne8 20.Bxe7 Qxe7 21.Bg4 Nf6 22.h3 Bxg4
23.hxg4 Qe6 24.f3 Nd7 25.Rd5 Qb6 26.Qf2 Nc5 27.Nxc4 bxc4 28.Qxc5 Qxb2 29.Qxc4 Qc2
30.Qc7 Rdc8 31.Qxe5 Rb2 32.Qg3 Qxc3 33.Red1 h6 34.Rd8+ Rxd8 35.Rxd8+ Kh7
36.Rd1 Qe3+  1/2-1/2

[Event "Open A"]
[Site "Pardubice CZE"]
[Date "2005.07.22"]
[Round "1"]
[White "Czarnota,D"]
[Black "Zude,E"]
[Result "0-1"]
[WhiteElo "2238"]
[BlackElo "2424"]

1.e4 c5 2.Nf3 d6 3.Bb5+ Nd7 4.d4 Nf6 5.Nc3 cxd4 6.Nxd4 a6 7.Bd3 e6 8.a4 b6
9.O-O Bb7 10.Qe2 Be7 11.Kh1 O-O 12.f4 Nc5 13.Bd2 Qd7 14.b4 Nxd3 15.cxd3 Rac8
16.Qf3 g6 17.Qg3 Nh5 18.Qh3 d5 19.e5 Bxb4 20.Rac1 Ng7 21.Nf3 Bxc3 22.Bxc3 d4
23.Ng5 h5 24.Bd2 Rxc1 25.Bxc1 Qxa4 26.Kg1 Rc8 27.Ne4 Bxe4 28.dxe4 Qc2 29.Re1 Qc3
30.Qh4 d3 31.Qf2 Qxc1  0-1

[Event "ACT Open"]
[Site "Amsterdam NED"]
[Date "2005.07.23"]
[Round "8"]
[White "Senff,M"]
[Black "Halay,T"]
[Result "1-0"]
[WhiteElo "2467"]
[BlackElo "2320"]

1.e4 c5 2.Nf3 d6 3.Bb5+ Bd7 4.Bxd7+ Qxd7 5.O-O g6 6.c3 Nf6 7.Qe2 Bg7 8.d4 cxd4
9.cxd4 O-O 10.Nc3 Na6 11.Rd1 Nc7 12.a4 Rfb8 13.d5 Re8 14.Bf4 Qg4 15.Bg5 e6
16.h3 Qh5 17.Qf1 exd5 18.exd5 Re5 19.Nxe5 Qxg5 20.Nf3 Qf5 21.Qd3 Qf4 22.a5 Nd7
23.Ra4 Qf6 24.Ne4 Qe7 25.Rc4 f5 26.Neg5 Nf6 27.Rdc1 Ncxd5 28.Rd4 h6 29.Rxd5 hxg5
30.Rxd6 Ne4 31.Qd5+ Kh7 32.Rd7 Qf6 33.Rcc7 Rg8 34.Rxb7 Kh8 35.Rxa7 Qxb2 36.Qd4 Qc1+
37.Kh2 Qf4+ 38.g3 Nxg3 39.Qxf4  1-0

[Event "Accentus Ladies"]
[Site "Biel SUI"]
[Date "2005.07.23"]
[Round "6"]
[White "Sedina,E"]
[Black "Paehtz,E"]
[Result "1/2-1/2"]
[WhiteElo "2402"]
[BlackElo "2421"]

1.e4 c5 2.Nf3 d6 3.Bb5+ Nc6 4.O-O Bd7 5.Re1 a6 6.Bxc6 Bxc6 7.d4 cxd4 8.Nxd4 e6
9.Nc3 Nf6 10.Bg5 Be7 11.Qf3 Qc7 12.Qg3 h6 13.Bxf6 Bxf6 14.Nxc6 bxc6 15.Rad1 Rd8
16.Rd3 O-O 17.Red1 Qa5 18.a3 Qb6 19.b4  1/2-1/2

[Event "Open A"]
[Site "Pardubice CZE"]
[Date "2005.07.23"]
[Round "2"]
[White "Wirig,A"]
[Black "Borovikov,V"]
[Result "1/2-1/2"]
[WhiteElo "2405"]
[BlackElo "2595"]

1.e4 c5 2.Nf3 d6 3.Bb5+ Bd7 4.Bxd7+ Qxd7 5.O-O Nf6 6.e5 dxe5 7.Nxe5 Qc8 8.Qe2 e6
9.b3 Be7 10.Bb2 O-O 11.Nc3 Nc6 12.Nxc6 Qxc6 13.d3 Rad8 14.Rfe1 Rd7 15.Ne4 Nxe4
16.Qxe4 Qxe4  1/2-1/2

[Event "ACT Open"]
[Site "Amsterdam NED"]
[Date "2005.07.24"]
[Round "9"]
[White "Van der Wiel,J"]
[Black "Van Delft,M"]
[Result "1/2-1/2"]
[WhiteElo "2508"]
[BlackElo "2369"]

1.e4 c5 2.Nf3 d6 3.Bb5+ Bd7 4.Bxd7+ Qxd7 5.O-O Nc6 6.b3 Nf6 7.Re1 e6 8.c4 Be7
9.Nc3 O-O 10.d4 cxd4 11.Nxd4 a6 12.Bb2 Rfd8 13.Nxc6 Qxc6 14.Qe2 Bf8 15.Rac1 Nd7
16.h4 Qc5 17.Red1 Qa5 18.Ba1  1/2-1/2

[Event "Politiken Cup"]
[Site "Copenhagen DEN"]
[Date "2005.07.24"]
[Round "10"]
[White "Mansson,L"]
[Black "Bryn,T"]
[Result "1-0"]
[WhiteElo "2184"]
[BlackElo "1989"]

1.e4 c5 2.Nf3 d6 3.Bb5+ Bd7 4.Bxd7+ Qxd7 5.O-O Nf6 6.e5 dxe5 7.Nxe5 Qd6 8.Re1 Nc6
9.Nc4 Qd7 10.Nc3 e6 11.d3 Be7 12.a4 O-O 13.Bd2 Nd5 14.Ne4 Rab8 15.Ng3 b6
16.Nh5 g6 17.Nf4 Bf6 18.Qg4 Bg7 19.Nxd5 Qxd5 20.Rac1 a6 21.Qh3 b5 22.axb5 axb5
23.Ne3 Qd6 24.Rb1 b4 25.Nc4 Qc7 26.Bh6 Bxh6 27.Qxh6 Nd4 28.Ne3 Rfd8 29.Ng4 Qe7
30.Ne5 f6 31.Ng4 Nxc2 32.Red1 Nd4 33.Re1 Nf5 34.Qh3 Rb6 35.Ra1 Rbd6 36.Ne3 Ng7
37.Qh4 Rxd3 38.Qc4 R3d4 39.Qb5 e5 40.Ra5 Ne6 41.Qa4 Nf4 42.Ra7 R4d7 43.Ra6 Nd3
44.Ra1 Qf7 45.Ng4 Kh8 46.h3 f5 47.Nf6 Rc7 48.Qa5 Rdc8 49.Qb6 Kg7 50.Ra7 Kh6
51.R1a6 Qc4 52.Ra1 Qf7 53.h4 Nf4 54.R1a6 Nd3 55.h5 Qc4 56.Ra1 Qf7 57.hxg6 hxg6
58.R1a6 Qc4 59.Ra1 Qf7 60.Rxc7 Qxc7 61.Ng8+ Kg5 62.Qf6+ Kh5 63.Qh8+ Kg5 64.Qh6+ Kg4
65.Nf6+  1-0

[Event "Open A"]
[Site "Pardubice CZE"]
[Date "2005.07.24"]
[Round "3"]
[White "Wirig,A"]
[Black "Stocek,J"]
[Result "1/2-1/2"]
[WhiteElo "2405"]
[BlackElo "2592"]

1.e4 c5 2.Nf3 d6 3.Bb5+ Nd7 4.d4 cxd4 5.Qxd4 a6 6.Bxd7+ Bxd7 7.Bg5 f6 8.Be3 e6
9.c4 Ne7 10.O-O Nc6 11.Qd2 Qc7 12.Rd1 Rd8 13.b3 Ne5 14.Qe2 Nxf3+ 15.Qxf3 Be7
16.Qh5+ g6 17.Qh6 Bf8 18.Qh4 Bg7 19.Nc3 O-O 20.Rac1 Bc6 21.Qg3 f5 22.Bg5 Rde8
23.Qxd6 Qf7 24.Qf4 fxe4 25.Qxf7+ Rxf7 26.Be3 Bf8 27.c5 Bg7 28.Rd2  1/2-1/2

[Event "WYb16"]
[Site "Belfort FRA"]
[Date "2005.07.25"]
[Round "7"]
[White "Fougerit,V"]
[Black "Szabo,Kr"]
[Result "0-1"]
[WhiteElo "2138"]
[BlackElo "2422"]

1.e4 c5 2.Nf3 d6 3.Bb5+ Bd7 4.Bxd7+ Nxd7 5.O-O Ngf6 6.Qe2 e6 7.c4 Be7 8.d4 cxd4
9.Nxd4 O-O 10.Nc3 a6 11.b3 Qb6 12.Nc2 Rfe8 13.Ne3 Bf8 14.Bb2 Nc5 15.Qc2 Rac8
16.Rad1 Qc6 17.f3 b5 18.b4 Ncd7 19.cxb5 axb5 20.Qe2 Rb8 21.a3 Qb6 22.Qf2 Rec8
23.f4 Ra8 24.Rd3 Rc7 25.Kh1 Rac8 26.Qf3 Qb7 27.g4 g5 28.Ba1 Bg7 29.Ne2 gxf4
30.Qxf4 Qxe4+ 31.Qxe4 Nxe4 32.Bxg7 Kxg7 33.Nd4 Ne5 34.Rdd1 Rb7 35.Rf4 d5
36.Nef5+ exf5 37.Nxf5+ Kg8 38.Rxd5 Nxg4  0-1

[Event "WYb18"]
[Site "Belfort FRA"]
[Date "2005.07.25"]
[Round "7"]
[White "Meier,Geo"]
[Black "Astaneh Lopez,A"]
[Result "0-1"]
[WhiteElo "2437"]
[BlackElo "2304"]

1.e4 c5 2.Nf3 d6 3.Bb5+ Nd7 4.d4 Nf6 5.Nc3 cxd4 6.Qxd4 e5 7.Qd3 h6 8.Be3 Be7
9.Bc4 O-O 10.O-O a6 11.a4 Qc7 12.Rfd1 Nc5 13.Bxc5 Qxc5 14.Nd5 Nxd5 15.Bxd5 Rb8
16.a5 b5 17.Qb3 Bb7 18.c3 b4 19.Bxb7 Rxb7 20.Rd5 Qc6 21.c4 Rc8 22.Nd2 Bg5
23.Nf3 Be7 24.Nd2 Bg5 25.g3 Bxd2 26.Rxd2 Qxe4 27.Rxd6 Rxc4 28.Rxa6 Rd7 29.Rf1 Rd2
30.Rb6 Rcc2 31.Rb8+ Kh7 32.Qe3 Qxe3 33.fxe3 Re2 34.Rxf7 Rg2+ 35.Kf1 Rxh2
36.Kg1 Rcg2+ 37.Kf1 Rxb2 38.Kg1 Rbg2+ 39.Kf1 Ra2 40.Kg1 Rhg2+ 41.Kf1 Rgb2
42.Kg1 Kg6 43.Rbb7 Kh5 44.Rb5 g5 45.Rxe5 Rb1+ 46.Rf1 Rxf1+ 47.Kxf1 b3  0-1

[Event "Accentus Ladies"]
[Site "Biel SUI"]
[Date "2005.07.25"]
[Round "8"]
[White "Skripchenko,A"]
[Black "Paehtz,E"]
[Result "1-0"]
[WhiteElo "2437"]
[BlackElo "2421"]

1.e4 c5 2.Nf3 d6 3.Bb5+ Nc6 4.O-O Bd7 5.Re1 Nf6 6.c3 a6 7.Bf1 Bg4 8.h3 Bxf3
9.Qxf3 g6 10.Qd1 Bh6 11.Na3 O-O 12.Nc2 Rc8 13.a3 e6 14.b4 Qb6 15.e5 dxe5
16.d4 Bxc1 17.dxc5 Qc7 18.Qxc1 Nd5 19.Ne3 Rcd8 20.Nc4 f6 21.Qc2 Rd7 22.Qb3 Kh8
23.Nd6 Rg7 24.Bc4 Nce7 25.Rad1 g5 26.g3 h5 27.Bxd5 exd5 28.c4 d4 29.Qf3 b6
30.Rxe5 bxc5 31.bxc5 Kg8 32.Re6 g4 33.hxg4 hxg4 34.Qe4 f5 35.Qb7 Qxb7 36.Nxb7 f4
37.Nd6 fxg3 38.fxg3 Rf3 39.Kg2 Rxa3 40.Rxd4 Ra2+ 41.Kg1 Ra3 42.Kf2 Ra5 43.Rde4 Ra2+
44.Re2 Rxe2+ 45.Kxe2 Kf8 46.c6 Rg5 47.c7 Rc5 48.Rxe7  1-0

[Event "Open A"]
[Site "Pardubice CZE"]
[Date "2005.07.25"]
[Round "4"]
[White "Bystrov,SM"]
[Black "Chulivska,V"]
[Result "0-1"]
[WhiteElo "2311"]
[BlackElo "2232"]

1.e4 c5 2.Nf3 d6 3.Bb5+ Bd7 4.Bxd7+ Qxd7 5.c4 Nc6 6.Nc3 Nf6 7.O-O e6 8.d4 cxd4
9.Nxd4 Be7 10.Be3 O-O 11.Qe2 Rac8 12.b3 a6 13.f4 Qc7 14.Rad1 b5 15.Nxc6 Qxc6
16.Bd4 bxc4 17.b4 Rfe8 18.Rf3 d5 19.Rg3 Kh8 20.exd5 exd5 21.Nxd5 Bc5 22.Ne3 Bxd4
23.Rxd4 c3 24.Qc2 Qb6 25.Rd3 Ng4 26.Rxg4 Rxe3 27.Rxe3 Qxe3+ 28.Kf1 Re8  0-1

[Event "WYb18"]
[Site "Belfort FRA"]
[Date "2005.07.26"]
[Round "8"]
[White "Khamrakulov,D"]
[Black "Brkic,A"]
[Result "1/2-1/2"]
[WhiteElo "2280"]
[BlackElo "2477"]

1.e4 c5 2.Nf3 d6 3.Bb5+ Nc6 4.O-O Bd7 5.c3 a6 6.Bxc6 Bxc6 7.Re1 Nf6 8.d4 cxd4
9.cxd4 Bxe4 10.Nc3 d5 11.Bg5 e6 12.Nxe4 dxe4 13.Rxe4 Qd5 14.Re5 Qd7 15.Qb3 Be7
16.Re2 O-O 17.Ne5 Qd5 18.Qxd5 Nxd5 19.Bxe7 Nxe7 20.Rc1 Rac8 21.Rec2 Rxc2
22.Rxc2 Rc8 23.Rxc8+ Nxc8 24.f4 Kf8 25.Kf2 Ke7 26.Ke3  1/2-1/2

[Event "Open Dutch Championship"]
[Site "Dieren NED"]
[Date "2005.07.27"]
[Round "2"]
[White "Remmel,T"]
[Black "Hoeksema,E"]
[Result "0-1"]
[WhiteElo "2212"]
[BlackElo "2406"]

1.e4 c5 2.Nf3 d6 3.Bb5+ Nc6 4.O-O Bd7 5.Re1 Nf6 6.c3 a6 7.Bf1 Bg4 8.d3 e6
9.Nbd2 Be7 10.b3 d5 11.Bb2 O-O 12.h3 Bh5 13.Qc2 Qc7 14.Rac1 Rad8 15.e5 Nd7
16.d4 Rc8 17.Bd3 Bg6 18.Bxg6 hxg6 19.c4 dxc4 20.Qxc4 cxd4 21.Nxd4 Qa5 22.Bc3 Qb6
23.Nxe6 fxe6 24.Qxe6+ Kh7 25.Qxd7 Rcd8 26.Qe6 Rxd2 27.Bxd2 Qxf2+ 28.Kh1 Qxd2
29.Red1 Qg5 30.Rc4 Nxe5 31.Re4 Rf2 32.Rg1 Bf6 33.a4 Qg3  0-1

[Event "Open A"]
[Site "Pardubice CZE"]
[Date "2005.07.27"]
[Round "6"]
[White "Schneider,Dav"]
[Black "Prasad,D"]
[Result "0-1"]
[WhiteElo "2113"]
[BlackElo "2359"]

1.e4 c5 2.Nf3 d6 3.Bb5+ Bd7 4.Bxd7+ Qxd7 5.O-O Nc6 6.b3 Nf6 7.Re1 e6 8.Bb2 Be7
9.c4 O-O 10.d4 cxd4 11.Nxd4 a6 12.Nc3 Rfe8 13.Kh1 Qc7 14.f4 Nd7 15.Nxc6 bxc6
16.Qg4 g6 17.Rad1 Bf8 18.Re3 f5 19.Qe2 Nf6 20.exf5 exf5 21.Nd5 cxd5 22.Bxf6 Rxe3
23.Qxe3 dxc4 24.Qd4 Re8 25.bxc4 Re4 26.Qd5+ Qf7 27.Bd4 Qxd5 28.cxd5 Rxf4
29.Kg1 Kf7 30.Be3 Re4 31.Kf2 Ra4 32.Kf3 Ra3 33.Rb1 f4  0-1

[Event "15th ETC Women"]
[Site "Gothenburg SWE"]
[Date "2005.07.30"]
[Round "1"]
[White "Sikorova,O"]
[Black "Dworakowska,J"]
[Result "1-0"]
[WhiteElo "2232"]
[BlackElo "2401"]

1.e4 c5 2.Nf3 d6 3.Bb5+ Nd7 4.O-O Nf6 5.Re1 a6 6.Bxd7+ Nxd7 7.b3 e5 8.Bb2 g6
9.c3 Bg7 10.d4 O-O 11.dxc5 Nxc5 12.Na3 b5 13.c4 b4 14.Nc2 Rb8 15.Qd2 Bb7
16.Nxb4 Nxe4 17.Qe2 Nc5 18.Nd5 Ne6 19.Rad1 f5 20.Nxe5 Bxd5 21.Rxd5 Nf4 22.Qf3 dxe5
23.Rxd8 Rbxd8 24.Ba3 Rf7 25.Qc6 Rfd7 26.g3 Rd1 27.Kf1 Rxe1+ 28.Kxe1 Nd3+
29.Ke2 e4 30.Qe6+ Kh8 31.c5 Bc3 32.Qe7 Ba5 33.c6 f4 34.c7 f3+ 35.Ke3 Rc8
36.Qf6+  1-0

[Event "15th ETC Women"]
[Site "Gothenburg SWE"]
[Date "2005.07.30"]
[Round "1"]
[White "Klinova,M"]
[Black "Khurtsidze,N"]
[Result "1/2-1/2"]
[WhiteElo "2384"]
[BlackElo "2449"]

1.e4 c5 2.Nf3 d6 3.Bb5+ Bd7 4.Bxd7+ Qxd7 5.c4 Nf6 6.Nc3 Nc6 7.d4 cxd4 8.Nxd4 Qg4
9.Qxg4 Nxg4 10.Nxc6 bxc6 11.b3 g6 12.Bb2 Bg7 13.h3 Ne5 14.O-O-O g5 15.Ne2 h5
16.Nd4 Bf6 17.Nf5 a5 18.g3 a4  1/2-1/2

[Event "Open A"]
[Site "Pardubice CZE"]
[Date "2005.07.30"]
[Round "9"]
[White "Kovalev,An"]
[Black "Oleksienko,M"]
[Result "1-0"]
[WhiteElo "2548"]
[BlackElo "2487"]

1.e4 c5 2.Nf3 d6 3.Bb5+ Bd7 4.Bxd7+ Qxd7 5.c4 Nf6 6.Nc3 Nc6 7.O-O e6 8.d4 cxd4
9.Nxd4 Be7 10.b3 O-O 11.Bb2 Rfd8 12.Re1 a6 13.Nc2 d5 14.cxd5 exd5 15.e5 Ne4
16.Nxe4 dxe4 17.Qxd7 Rxd7 18.Rxe4 Rd2 19.Rc4 Rad8 20.Kf1 h5 21.Rb1 Na5 22.Rc7 Nc6
23.Ne3 Bc5 24.e6 f6 25.Rxb7 Bxe3 26.fxe3 R8d5 27.e4 Rd6 28.Rd7 Rxd7 29.exd7 Rxd7
30.Ke2 Nb4 31.a3 Nd3 32.Ke3 Nc5 33.b4 Nb7 34.Rc1 Kf7 35.Rc6 Nd6 36.a4 Ke7
37.e5 Nf5+ 38.Ke4 Rd2 39.Bc3 Rf2 40.exf6+ gxf6 41.Rxf6  1-0

[Event "15th ETC"]
[Site "Gothenburg SWE"]
[Date "2005.07.31"]
[Round "2"]
[White "Fressinet,L"]
[Black "Babula,V"]
[Result "1-0"]
[WhiteElo "2627"]
[BlackElo "2604"]

1.e4 c5 2.Nf3 d6 3.Bb5+ Nc6 4.O-O Bd7 5.Re1 Nf6 6.c3 a6 7.Ba4 b5 8.Bc2 Bg4
9.d3 e6 10.Nbd2 Nd7 11.h3 Bh5 12.Nf1 Be7 13.Ng3 Bg6 14.d4 cxd4 15.Nxd4 Nxd4
16.cxd4 Rc8 17.Bd3 O-O 18.a4 Qb6 19.axb5 axb5 20.Be3 d5 21.exd5 exd5 22.Nf5 Rfe8
23.Qb3 Nf6 24.Bg5 Bf8 25.Rxe8 Rxe8 26.Bxf6 Bxf5 27.Bxf5 Qxf6 28.Qxb5 Rd8
29.Qd3 g6 30.Bg4 Bg7 31.Rd1 Rb8 32.Qc3 Qb6 33.Qc5 Qxc5 34.dxc5 f5 35.Bf3 Rxb2
36.Rxd5 Rb1+ 37.Kh2 Bf6 38.Rd7 Be5+ 39.g3 Rc1 40.Bd5+ Kh8 41.c6 f4 42.gxf4 Bxf4+
43.Kg2 Rc3 44.h4 Be5 45.Kf1 Rc2 46.Ke1 Bf4 47.Rf7 Bd6 48.Kd1 Rc5 49.Be4 Rc4
50.f3 Rc5 51.Ke2 Rc3 52.Kd2 Rc5 53.Kd3 Rc1 54.Kd4 Kg8 55.Rd7 Bg3 56.Kd5 Rc3  1-0

[Event "It"]
[Site "Charleroi BEL"]
[Date "2005.08.02"]
[Round "5"]
[White "Cappon,J"]
[Black "Cools,G"]
[Result "0-1"]
[WhiteElo "2216"]
[BlackElo "2362"]

1.e4 c5 2.Nf3 d6 3.Bb5+ Bd7 4.Bxd7+ Nxd7 5.O-O Ngf6 6.Qe2 e6 7.c3 Be7 8.d4 cxd4
9.cxd4 d5 10.e5 Ne4 11.Ne1 Rc8 12.Nd3 f5 13.Nf4 Nf8 14.f3 Ng5 15.Nc3 Qb6
16.Be3 Ng6 17.Nfxd5 exd5 18.Nxd5 Qe6 19.Qb5+ Kf7 20.h4 Nxh4 21.Qxb7 h6 22.Rac1 Ng6
23.Nc7 Qb6 24.Qd5+ Ne6 25.Rc6 Qxc6 26.Qxc6 Rxc7 27.Qa4 Rd8 28.Qb3 Rcd7 29.Rc1 Bg5
30.Bxg5 hxg5 31.Rc6 Nf8 32.g4 f4 33.Rc4 Kg8 34.Kg2 Kh8 35.Rc1 Rxd4  0-1

[Event "10th Open"]
[Site "Creon FRA"]
[Date "2005.08.02"]
[Round "3"]
[White "Beudaert,X"]
[Black "Ernst,T"]
[Result "1/2-1/2"]
[WhiteElo "2358"]
[BlackElo "2459"]

1.e4 c5 2.Nf3 d6 3.Bb5+ Nd7 4.d4 Nf6 5.Nc3 a6 6.Bxd7+ Nxd7 7.Bg5 f6 8.Be3 cxd4
9.Nxd4 Ne5 10.Qe2 g6 11.f4 Ng4 12.Bg1 Bd7 13.h3 Nh6 14.e5 fxe5 15.fxe5 dxe5
16.Qxe5 Nf7 17.Qe2 Bg7 18.O-O-O Qa5 19.Nb3 Qe5 20.Nc5 Qxe2 21.Nxe2 O-O-O
22.Be3 Bc6 23.Ne6 Rxd1+ 24.Rxd1 Be5 25.N2f4 Nd8 26.Bd4 Bxd4 27.Nxd4 Rf8 28.Nxc6 Nxc6
29.Nd3 Rf5 30.Re1 Kc7 31.Kd2 Kd6 32.Ke3 Ne5 33.Rd1 Nxd3 34.Rxd3+ Kc6 35.Rd8 Re5+
36.Kf3 Rf5+ 37.Ke3 Re5+ 38.Kf3  1/2-1/2

[Event "10th Open"]
[Site "Creon FRA"]
[Date "2005.08.02"]
[Round "3"]
[White "Amram,R"]
[Black "Lamberthod,G"]
[Result "0-1"]
[WhiteElo "1880"]
[BlackElo "2073"]

1.e4 c5 2.Nf3 d6 3.Bb5+ Nd7 4.O-O Nf6 5.Re1 g6 6.c3 Bg7 7.e5 dxe5 8.Nxe5 O-O
9.Nxd7 Nxd7 10.Na3 a6 11.Bf1 e5 12.Nc2 Nb6 13.b4 c4 14.Ne3 Be6 15.a4 a5 16.Ba3 Re8
17.bxa5 Rxa5 18.Bb4 Ra8 19.a5 Nd5 20.Nxc4 Nxb4 21.cxb4 Qd4 22.d3 Bf5 23.Ne3 Qxb4
24.Ra4 Qd6 25.Nxf5 gxf5 26.Qb3 Qc7 27.Qb5 Qc3 28.Rb1 Qc2 29.Rc4 Qa2 30.Ra4 Qd2
31.Rb2 Qg5 32.Qxb7 e4 33.Re2 exd3 34.Rxe8+ Rxe8 35.Qd7 Rd8 36.h4 Qf6  0-1

[Event "92nd ch-GBR"]
[Site "Douglas IOM"]
[Date "2005.08.02"]
[Round "2"]
[White "Eggleston,D"]
[Black "Littlewood,P"]
[Result "1/2-1/2"]
[WhiteElo "2138"]
[BlackElo "2355"]

1.e4 c5 2.Nf3 d6 3.Bb5+ Bd7 4.Bxd7+ Qxd7 5.c4 g6 6.d4 Bg7 7.d5 b5 8.O-O Nf6
9.Qd3 bxc4 10.Qxc4 O-O 11.Nc3 Qb7 12.e5 dxe5 13.Nxe5 Nfd7 14.Nd3 Na6 15.Be3  1/2-1/2

[Event "15th ETC"]
[Site "Gothenburg SWE"]
[Date "2005.08.03"]
[Round "5"]
[White "Nevednichy,V"]
[Black "Gormally,D"]
[Result "1-0"]
[WhiteElo "2583"]
[BlackElo "2557"]

1.e4 c5 2.Nf3 d6 3.Bb5+ Nd7 4.d4 Nf6 5.Nc3 cxd4 6.Qxd4 e5 7.Qd3 h6 8.Be3 Be7
9.O-O a6 10.Bc4 b5 11.Bd5 Rb8 12.b4 Nxd5 13.Nxd5 Bb7 14.Nd2 O-O 15.Rab1 Bxd5
16.exd5 f5 17.f3 Bg5 18.Bxg5 Qxg5 19.c4 e4 20.fxe4 Ne5 21.Qe2 bxc4 22.exf5 Rxf5
23.Nxc4 Rxf1+ 24.Rxf1 Rxb4 25.Nxd6 Rd4 26.Qxa6 Rd2 27.Qc8+ Kh7 28.Qh3 Rxd5
29.Ne4 Qg6 30.Qe3 Nc4 31.Qf4 Qb6+ 32.Nf2 Qc5 33.Qe4+ Kh8 34.Qe8+ Kh7 35.Qe4+ Kh8
36.Rc1 Rd2 37.Qe8+ Kh7 38.Qe4+ Kh8 39.Qf4 Rxa2 40.Qb8+  1-0

[Event "15th ETC Women"]
[Site "Gothenburg SWE"]
[Date "2005.08.04"]
[Round "6"]
[White "Hamelink,D"]
[Black "Lallemand,R"]
[Result "1/2-1/2"]
[WhiteElo "2195"]
[BlackElo "2287"]

1.e4 c5 2.Nf3 d6 3.Bb5+ Nd7 4.O-O Nf6 5.Re1 a6 6.Bxd7+ Nxd7 7.c3 e6 8.d4 Be7
9.a4 b6 10.Na3 Bb7 11.b3 O-O 12.Bb2 Nf6 13.Nd2 cxd4 14.cxd4 d5 15.e5 Ne4
16.f3 Nxd2 17.Qxd2 f6 18.Nc2 fxe5 19.Rxe5 Bd6 20.Rxe6 Qc7 21.h3 Bc8 22.Re2 Bf4
23.Qe1 Bg3 24.Qd2 Bf4 25.Qe1 Bg3 26.Qd2 Bf4  1/2-1/2

[Event "ch-IRI Semi-Final"]
[Site "Tehran IRI"]
[Date "2005.08.04"]
[Round "2"]
[White "Toufighi,H"]
[Black "Mohammadi,H"]
[Result "1/2-1/2"]
[WhiteElo "2170"]
[BlackElo "2328"]

1.e4 c5 2.Nf3 d6 3.Bb5+ Nd7 4.O-O Nf6 5.Re1 a6 6.Bf1 b6 7.d4 cxd4 8.Nxd4 Bb7
9.Nc3 e6 10.g3 Be7 11.Bg2 Qc7 12.Bf4 O-O 13.Qd2 Ne5 14.Qe2 b5 15.Rad1 Rac8
16.a3 Nc4 17.Bc1 Nxa3 18.Nd5 exd5 19.exd5 Nxc2 20.Nxc2 Qxc2 21.Qxe7 Qc7 22.Bf4 Rfe8
23.Qxc7 Rxc7 24.Bxd6 Rxe1+ 25.Rxe1 Rd7 26.Re7 Rxd6 27.Rxb7 g5 28.Rc7 Nxd5
29.Rc5 Nb4 30.Rxg5+ Kf8 31.Be4 h6 32.Rf5 Rd2 33.b3 Rb2 34.Rf3 Kg7 35.h4 a5
36.Kg2 a4 37.bxa4 bxa4 38.Ra3 Ra2 39.Rc3 Rb2 40.Ra3 Ra2 41.Rc3 Rb2 42.Kf3 Kf6
43.Ke3 a3 44.Rxa3 Nc2+ 45.Bxc2 Rxc2 46.Ra6+ Kg7 47.Ra4 Rc1 48.f3 Rc6 49.Rd4 Rc8
50.Rg4+ Kf6 51.Re4 Kg7 52.g4 Rc1 53.Kf2 Rh1 54.Kg3 Rg1+ 55.Kf4 Rh1 56.h5 Ra1
57.Kf5 Ra6 58.Re5 Ra4 59.f4 Ra1 60.Rd5 Rf1 61.Rd4 Rf2  1/2-1/2

[Event "ch-POR"]
[Site "Vila Real POR"]
[Date "2005.08.04"]
[Round "2"]
[White "Frois,A"]
[Black "Fernando,D"]
[Result "0-1"]
[WhiteElo "2375"]
[BlackElo "2440"]

1.e4 c5 2.Nf3 d6 3.Bb5+ Nd7 4.d4 cxd4 5.Qxd4 a6 6.Bxd7+ Bxd7 7.O-O e5 8.Qd3 h6
9.a4 Nf6 10.Nc3 Be7 11.Nd2 O-O 12.Nc4 Be6 13.Ne3 Qc7 14.b3 Rac8 15.Bb2 Rfd8
16.Rfd1 Bf8 17.Rac1 Qb8 18.Qe2 b5 19.axb5 axb5 20.Ned5 Nxd5 21.Nxd5 Qb7 22.Nb4 Ra8
23.Ra1 Be7 24.h3 Kh7 25.Qd3 Bf8 26.Qe2 Qb6 27.Qd3 Rdc8 28.Bc3 Qc5 29.Bd2 Kg8
30.Rdc1 Qb6 31.Be3 Qb7 32.Rd1 Kh8 33.Nd5 Ra6 34.Nb4 Raa8 35.Rxa8 Rxa8 36.Nd5 Ra6
37.Nc3 b4 38.Nd5 Ra2 39.Qc4 Qa8 40.Kh2 Kg8 41.Qc7 Bxd5 42.Rxd5 Ra6 43.Rb5 Qxe4
44.Rb7 Qd5 45.Rxb4 Ra8 46.Rb7 Qe6 47.c4 Rc8 48.Qa5 f5 49.Qd5 Qxd5 50.cxd5 f4
51.Ba7 e4 52.b4 Re8 53.Kg1 e3 54.fxe3 fxe3 55.Kf1 e2+ 56.Ke1 Re4 57.Bf2 Be7
58.b5 Bf6 59.Rc7 Rb4 60.b6 Rb2 61.b7 Kh7 62.Be3 Bh4+ 63.Bf2 Bf6  0-1

[Event "15th ETC"]
[Site "Gothenburg SWE"]
[Date "2005.08.06"]
[Round "8"]
[White "Solak,D"]
[Black "Lupulescu,C"]
[Result "1-0"]
[WhiteElo "2557"]
[BlackElo "2542"]

1.e4 c5 2.Nf3 d6 3.Bb5+ Bd7 4.Bxd7+ Qxd7 5.O-O Nf6 6.Re1 Nc6 7.c3 e6 8.d4 cxd4
9.cxd4 d5 10.e5 Ne4 11.Nbd2 Nxd2 12.Bxd2 Be7 13.Rc1 O-O 14.Rc3 h6 15.a3 Rfc8
16.Rd3 Qd8 17.h4 Na5 18.Nh2 Nc4 19.Bc1 Bxh4 20.Qh5 Bg5 21.f4 g6 22.Qh3 Bh4
23.g3 Be7 24.Qxh6 Rc6 25.Nf3 Rac8 26.f5 Bf8 27.Qh3 exf5 28.Ng5 Bg7 29.e6 fxe6
30.Qh7+ Kf8 31.Nxe6+ Rxe6 32.Rxe6 Qd7 33.Rf6+  1-0